2026 Winter Olympics Sports - Statistics

General Stats
  • This quiz has been taken 41 times
  • The average score is 11 of 16
Answer Stats
Answer % Correct
Curling
100%
Figure Skating
83%
Ice Hockey
83%
Skeleton
83%
Snowboard
83%
Luge
80%
Speed Skating
77%
Biathlon
74%
Bobsleigh
74%
Alpine Skiing
71%
Cross-Country Skiing
69%
Ski Jumping
66%
Freestyle Skiing
51%
Nordic Combined
51%
Ski mountaineering
40%
Short Track Speed Skating
37%
No matching quizzes found
Score Distribution
Percent of People with Each Score
Percentile by Number Answered
Your Score History
You have not taken this quiz